Unidad e Integración Latinoamericana /
En el artículo publicado en la revista "Perspectiva Centroamericana y del Caribe" del Instituto Centroamericano de Estudios Sociales en Costa Rica, se aborda el tema de la unidad y la integración en América Latina. En el artículo publicado en la revista "Perspectiva Centroamericana y...
Tallennettuna:
| Päätekijä: | |
|---|---|
| Aineistotyyppi: | Kirja |
| Kieli: | Spanish |
| Aiheet: | |
| Tagit: |
Lisää tagi
Ei tageja, Lisää ensimmäinen tagi!
|
MARC
| LEADER | 00000nam a22000007a 4500 | ||
|---|---|---|---|
| 003 | cru CIDCACS/IIS | ||
| 005 | 20230926134038.0 | ||
| 007 | ta | ||
| 008 | 190222s2001 cr ||p|r||||||0| ||spa d | ||
| 040 | |c cru CIDCACS/IIS | ||
| 100 | |9 11063 |a Merced González, José |e Autor | ||
| 245 | 1 | |a Unidad e Integración Latinoamericana / |c José Merced González | |
| 300 | |a páginas 26-27 | ||
| 520 | |a En el artículo publicado en la revista "Perspectiva Centroamericana y del Caribe" del Instituto Centroamericano de Estudios Sociales en Costa Rica, se aborda el tema de la unidad y la integración en América Latina. En el artículo publicado en la revista "Perspectiva Centroamericana y del Caribe" del Instituto Centroamericano de Estudios Sociales en Costa Rica, se aborda el tema de la unidad y la integración en América Latina. La integración es un proceso que cobra la mayor importancia para América Latina y el Caribe. Esta va más allá de los procesos comerciales y económicos. La integración es un proyecto político estratégico aún no consolidado en esta región. La necesidad de la integración es evidente. RAR 07/2023 | ||
| 650 | 0 | |2 UNESCO |9 376 |a INTEGRACION CENTROAMERICANA | |
| 650 | 0 | |2 UNESCO |9 5938 |a PROCESOS SOCIALES | |
| 651 | 0 | |2 OCDE |9 308 |a CENTROAMERICA | |
| 651 | 0 | |2 OCDE |9 4609 |a CARIBE | |
| 773 | 0 | |0 42196 |9 8489 |a Instituto Centroamericano de Estudios Sociales (Costa Rica) |d San José, Costa Rica: Instituto Centroamericano de Estudios Sociales, 1993- |o 17867 |t Perspectiva Centroamericana y del Caribe/ | |
| 942 | |2 ddc |c PP | ||
| 999 | |c 44831 |d 44831 | ||
| 773 | 0 | |0 42196 |9 8489 |a Instituto Centroamericano de Estudios Sociales (Costa Rica) |d San José, Costa Rica: Instituto Centroamericano de Estudios Sociales, 1993- |o 17867 |t Perspectiva Centroamericana y del Caribe/ | |
